000 01520cam a2200169 4500500
005 20251228064807.0
041 _afre
042 _adc
100 1 0 _aPagès, Max
_eauthor
245 0 0 _aJean-Claude MÉTRAUX, DEUILS COLLECTIFS ET CRÉATION SOCIALE, La Dispute, 2004
260 _c2005.
500 _a22
520 _aRésuméLes querelles actuelles autour du statut des psychothérapies, et notamment dans leur rapport avec la médecine, peuvent être éclairées par un débat, qui eut lieu à la fin du XIXe siècle, autour de l’hypnose. Dans ce texte, les enjeux de cet ancien débat sont retracés et plus particulièrement la manière dont la médecine a tenté de s’emparer d’un phénomène dont elle ignorait tout ou presque et qu’elle tenait pour du charlatanisme quelques années avant.
520 _aThe current quarrels over the status of psychotherapy, and in particular its relationship to medicine, may be clarified by a debate that took place at the end of the 19th century, on the subject of hypnosis. In this text, the stakes of this ancient debate are covered and more especially the way in which medicine tried to take over a phenomenon about which it knew nothing or almost nothing and that it considered to be charlatanism just a few years earlier.
786 0 _nRevue internationale de psychosociologie | XI | 24 | 2005-03-01 | p. 167a-176a | 1260-1705
856 4 1 _uhttps://shs.cairn.info/revue-internationale-de-psychosociologie-2005-24-page-167a?lang=fr&redirect-ssocas=7080
999 _c1590123
_d1590123